| 000 | 00987nam a2200313 a 4500 | ||
|---|---|---|---|
| 001 | 000782622 | ||
| 003 | TR-AnTOB | ||
| 005 | 20260206132209.0 | ||
| 008 | 090223s2008 sz d g f000 0 eng | ||
| 020 | _a9789211127522 | ||
| 040 |
_aTuAnMK _beng _cTR-AnTOB _erda |
||
| 041 | 0 | _aeng | |
| 050 |
_aHF1008 _b.T73 2008 |
||
| 090 |
_aHF1008 _b.T73 2008 |
||
| 245 | 0 | 0 |
_aTrade and Development Report, 2008 / _cUnited Nations Conference on Trade and Development Geneva. |
| 264 | 1 |
_aGeneva : _bUnited Nations, _c2008. |
|
| 300 |
_a201 pages : _bgraphics, tables ; _c30 cm |
||
| 336 |
_atext _btxt _2rdacontent |
||
| 337 |
_aunmediated _bn _2rdamedia |
||
| 338 |
_avolume _bnc _2rdacarrier |
||
| 504 | _aBIB | ||
| 650 | 0 |
_aCommerce _94500 |
|
| 650 | 0 |
_aEconomic development _91528 |
|
| 710 | 2 |
_aUnited Nations Conference on Trade and Development _933443 |
|
| 942 |
_2lcc _cBK |
||
| 956 |
_aNUR _b00 _c20090223 _lNLT01 _h1515 |
||
| 956 |
_aAKAYBK _b01 _c20111027 _lNLT01 _h1227 |
||
| 999 |
_c200428062 _d45986 |
||